| 000 | 02297nam a2200301Ia 4500 | ||
|---|---|---|---|
| 005 | 20170208091337.0 | ||
| 008 | 130821s1852 sp fr 1 spa d | ||
| 040 |
_aCo-BoUCM _bspa _cSandra Yazo _dSandra Yazo |
||
| 041 | 0 | _aspa | |
| 082 | 0 | 4 |
_a265.85 _220 |
| 092 | _aE42N028 | ||
| 100 | 1 |
_aBossuet, Jacques-Bénigne _d1664-1743 _983948 |
|
| 245 | 1 | 0 |
_aOraciones fúnebres de Bossuet, Flechier, Massillon, Mascaron, Bourdalue y La Rue _cPublicados bajo la direción de una sociedad de eclesiasticos ... |
| 260 |
_aMadrid (España) _bLibrería de L. López _bImprenta a Cargo de D. J. Peña, María Cristina _c1852 |
||
| 300 |
_aviii, 532 páginas _c21 x 14 cm. |
||
| 490 | 0 |
_aTesoro de Predicadores Ilustres _v15 |
|
| 500 | _aDetalles físicos: Encuadernación rígida en cartón forrado en cuero. Lomo con adornos en dorado, desprendido y roto. Tapas con recuadro en dorado y adornos repujados, ya no tan visible. Guardas en papel de agua. Anteportada. Portada impresa en una sola tinta. Texto en una columna, notas al pie de página. Cortes decorado. Pág. 303 empieza a desprenderse. Papel con notoria deformación de plano, Nota de desinfección AGN 5 sep 2007. Perteneció a la biblioteca de Mons. Rafael María Carrasquilla | ||
| 505 | 2 | _aOraciones fúnebres de: Enriqueta María de Francia ; Enriqueta Ana de Inglaterra ; María Teresa de Austria ; Ana de Gonzaga de Cleves ; Miguel Le-Tellier ; Luis de Borbón / por Bossuet -- Oraciones fúnebres de: Julia Lucina de Angennes ; María de Wignerod ; Enrique de Latour d’Auvergne ; Guillermo de Lamoignon ; María Teresa de Austria ; Miguel Le-Tellier ; María Ana Cristina de Baviera ; Carlos de San Mauro / Flechier-- Oración fúnebre de Luis el Grande / Massillon -- Oraciones fúnebres de: Enrique de Latour d’Auvergne ; Pedro Seguier / Mascaron ; Oración fúnebre de: Luis de Borbón / Bourdaloue | |
| 506 | _aConsulta en sala | ||
| 650 | 7 |
_aOraciones fúnebres _920791 |
|
| 650 | 7 |
_aSermones fúnebres _924244 |
|
| 690 |
_aTeología _925230 |
||
| 700 | 1 |
_aFléchier, Esprit _d1632-1710 _983949 |
|
| 700 | 1 |
_aMassillon, Jean-Baptiste _d1663-1742 _983950 |
|
| 700 | 1 |
_aMascaron, Jules _d1634-1703 _983951 |
|
| 700 | 1 |
_aBourdaloue, Louis _c1632-1704 _977262 |
|
| 942 |
_cLIBRO _a4 _e1 _2LOCAL _hE42N028 |
||
| 999 |
_c305950 _d305950 |
||